000 00519nam a2200181Ia 4500
003 GCL
008 140319s9999 xx 000 0 ara d
040 _aGCL /
_cGCL
082 0 4 _a813.03
_bج ق
100 1 _aجميلة العلايلى
245 1 0 _aقصة بين ابوين /
_cجميلة العلايلى
260 _a[S.N] :
_bالمجلس الاعلى للثقافة ،
_c1981
300 _a222
490 _a
650 0 4 _aالادب العربى
650 0 4 _aالقصص العربية
942 _2ddc
_cBK
999 _c56483
_d56483